000 01090cam a2200325 a 4500
008
020 _a040811472X (hbk.)
049 _aMAIN
090 _aREF QH303.6
245 0 0 _aInformation sources in the life sciences /
_ceditor, H.V. Wyatt.
250 _a3rd ed.
260 _aLondon ;
_aBoston :
_bButterworths,
_c1987.
300 _axiv, 191 p. ;
_c23 cm.
440 0 _aButterworths guides to information sources
500 _aRev. ed. of: The use of biological literature / editors, R.T. Bottle, H.V. Wyatt. 2nd ed. 1971.
504 _aIncludes bibliographies.
500 _aIncludes index.
650 0 _aLife sciences literature.
650 0 _aLife sciences
_xResearch.
653 _aBiology
_aInformation sources
650 2 _aAbstracting and Indexing.
650 2 _aBiology
_vbibliography.
700 1 _aWyatt, H. V.
_q(Harold Vivian)
740 _aUse of biological literature.
907 _a.b10056907
_b22-01-07
_c17-04-03
003
005 20230120191408.0
040 _cNUST
942 _cBOOKS
_kREF QH303.6
999 _c100350
_d100350